00619nam a2200169Ia 4500008004100000100001900041245011200060245004600172260005900218260000900277300001200286650001800298650001500316856002600331999001900357952007300376170221s9999 xx 000 0 und d aJude Terna Kur aTelevision Broadcasting and the Democratization Process in Nigeria: The Successful and Unsuccessful Story  cJude Terna Kur, Endwell Onyinye, Nyekwere bOnline Journal of Communication and Media Technologies c2014 a34 : 15 xCommunication xMedia Arts uhttp://www.ojcmt.net/ c310920d310920 001040aCLbCLd2017-02-21l0r2017-02-21 00:00:00w2017-02-21yFOJ